| 000 | 00692nam a22002177a 4500 | ||
|---|---|---|---|
| 003 | BUBTL | ||
| 008 | 190612b xxu||||| |||| 00| 0 eng d | ||
| 020 | _a978-93-87477-25-4 | ||
| 082 | _a519.4 / JAN | ||
| 100 |
_92350 _aJain, M K |
||
| 245 |
_aNumerical methods for scientific and engineering computation / _cM K Jain, S R K Iyengar, Rajendra K Jain |
||
| 250 | _a7th ed. | ||
| 260 |
_aLondon : _bNew Age International Publishers, _cc2019. |
||
| 300 |
_axi, 776 p. : _bill. ; _c24 cm. |
||
| 650 | 0 |
_9124 _aMathematics |
|
| 700 |
_92351 _aIyengar, S R K |
||
| 700 |
_92352 _aJain, R K |
||
| 856 |
_k0 _l0 _yDownload |
||
| 942 |
_2ddc _cBK |
||
| 999 |
_c6074 _d6074 |
||